|
|
|
|
| LEADER |
01252nam a22002652a 4500 |
| 001 |
000233478 |
| 003 |
CZ BrMZK |
| 005 |
20160829124434.0 |
| 008 |
970103s1986 xr d p cze d |
| 040 |
|
|
|a BOA001
|b cze
|
| 072 |
|
7 |
|a 654
|x Telekomunikace a dálkové řízení
|2 Konspekt
|9 4
|
| 072 |
|
7 |
|a 37.016
|x Učební osnovy. Vyučovací předměty. Učebnice
|2 Konspekt
|9 22
|
| 080 |
|
|
|a 654
|2 MRF
|
| 080 |
|
|
|a (075.3)
|2 MRF
|
| 100 |
1 |
|
|a Šuran, Ján
|7 mzk2011647941
|
| 245 |
1 |
0 |
|a Telekomunikačná prevádzka :
|b učebný text pre 2. a 3. ročník stredných odborných učilišť učebný odbor 04-85-2 manipulant poštovej prevádzky a prepravy a pre 2. a 3. ročník strednej školy pre pracujúcích študijní odbor 04-16-4 poštová prevádzka /
|c Ján Šuran
|
| 250 |
|
|
|a 2. vyd.
|
| 260 |
|
|
|a Praha :
|b Nakladatelství dopravy a spojů,
|c 1986
|
| 300 |
|
|
|a 135 s.
|
| 650 |
0 |
7 |
|a telekomunikace
|7 ph116420
|2 czenas
|
| 655 |
|
7 |
|a učebnice učňovských škol
|7 fd338605
|2 czenas
|
| 910 |
|
|
|a BOA001
|b TK-A-0230.506
|b M4-0912.258
|
| 990 |
|
|
|a BK
|
| 996 |
7 |
|
|b 2619149599
|c M4-0912.258
|l MZK
|r Sklad / do 24 hodin
|n 0
|w 000233478
|u 000020
|a 1
|e BOA001
|j MZK50
|s A
|
| 996 |
7 |
|
|b 2629997522
|c TK-A-0230.506
|l MZK
|r Sklad / do 24 hodin
|n 0
|w 000233478
|u 000010
|a 1
|e BOA001
|j MZK50
|s A
|